| 000 | 00388nam a22001337a 4500 | ||
|---|---|---|---|
| 008 | 161107b xxu||||| |||| 00| 0 eng d | ||
| 050 | _aKZ21.B7(1926vol.7) | ||
| 100 | _aMilford, Humphrey. | ||
| 245 |
_aThe British Yearbook of International law 1926 _cHumphrey,Milford |
||
| 250 | _aVol.7 | ||
| 260 |
_aLondon.: _bOxford univ.Press: _c1926. |
||
| 300 |
_a291pgs.: _c24cm. |
||
| 942 |
_2lcc _cBK |
||
| 999 |
_c6103 _d13603 |
||